Basic laboratory procedures in clinical bacteriology (Registro nro. 2004)
[ vista simple ]
| 000 -LEADER | |
|---|---|
| fixed length control field | 00975nam a2200337 a 4500 |
| 003 - CONTROL NUMBER IDENTIFIER | |
| control field | OSt |
| 005 - FECHA ULTIMA MODIFICACION | |
| control field | 20190627110321.0 |
| 008 - FIXED-LENGTH DATA ELEMENTS--GENERAL INFORMATION | |
| fixed length control field | 131105s2003 sz ||||| |||| 00| 0 eng d |
| 020 ## - INTERNATIONAL STANDARD BOOK NUMBER | |
| International Standard Book Number | 92-4-154545-3 |
| 040 ## - CATALOGING SOURCE | |
| Transcribing agency | Biblioteca Medicina |
| 041 ## - LANGUAGE CODE | |
| Language code of text/sound track or separate title | eng |
| 082 ## - DEWEY DECIMAL CLASSIFICATION NUMBER | |
| Classification number | OMS QY 100 |
| 100 1# - MAIN ENTRY--PERSONAL NAME | |
| Personal name | Vandepitte, J. |
| 9 (RLIN) | 2800 |
| 110 ## - MAIN ENTRY--CORPORATE NAME | |
| Corporate name or jurisdiction name as entry element | Organizacion Mundial de la Salud |
| 9 (RLIN) | 1006 |
| 245 00 - TITLE STATEMENT | |
| Title | Basic laboratory procedures in clinical bacteriology |
| 250 ## - EDITION STATEMENT | |
| Edition statement | 2° ed. |
| 260 ## - PUBLICATION, DISTRIBUTION, ETC. (IMPRINT) | |
| Place of publication, distribution, etc | Ginebra |
| Name of publisher, distributor, etc | Organizacion Mundial de la Salud |
| Date of publication, distribution, etc | 2003 |
| 300 ## - PHYSICAL DESCRIPTION | |
| Extent | 167 p. |
| 500 ## - GENERAL NOTE | |
| General note | Baja Depósito Caja 33 Junio 2019 |
| 546 ## - LANGUAGE NOTE | |
| Language note | Texto en ingles |
| 653 ## - INDEX TERM--UNCONTROLLED | |
| Uncontrolled term | TECNICAS BACTERIOLOGICAS-NORMAS |
| 653 ## - INDEX TERM--UNCONTROLLED | |
| Uncontrolled term | TECNICAS DE LABORATORIO |
| 653 ## - INDEX TERM--UNCONTROLLED | |
| Uncontrolled term | MANUALES |
| 700 10 - ADDED ENTRY--PERSONAL NAME | |
| Personal name | Verhaegen, J. |
| 9 (RLIN) | 2804 |
| 700 10 - ADDED ENTRY--PERSONAL NAME | |
| Personal name | Engbaek, K. |
| 9 (RLIN) | 2801 |
| 700 10 - ADDED ENTRY--PERSONAL NAME | |
| Personal name | Rohner, P. |
| 9 (RLIN) | 2805 |
| 700 10 - ADDED ENTRY--PERSONAL NAME | |
| Personal name | Piot, P |
| 9 (RLIN) | 2802 |
| 700 10 - ADDED ENTRY--PERSONAL NAME | |
| Personal name | Heuck, C. C. |
| 9 (RLIN) | 2803 |
| 856 ## - ELECTRONIC LOCATION AND ACCESS | |
| Link text | http://www.who.int/publications/es/ |
| 942 ## - ADDED ENTRY ELEMENTS (KOHA) | |
| Source of classification or shelving scheme | Dewey Decimal Classification |
| Koha item type | Hemeroteca |
| Withdrawn status | Lost status | Fuente de clasificación | Damaged status | Use restrictions | Not for loan | Colección | Ubicación permanente | Ubicación actual | Sala de ubicación | Fecha de adquisición | Total Checkouts | Número de clasificación | Código de barras | Date last seen | Número de ejemplar | Price effective from | Koha tipo de elemento (item) |
|---|---|---|---|---|---|---|---|---|---|---|---|---|---|---|---|---|---|
| Dewey Decimal Classification | Restricted Access | Not For Loan | Non-fiction | Biblioteca Medicina | Biblioteca Medicina | Circulación | 05/11/2013 | OMS QY 100 | H0255 | 06/11/2014 | Ej. 1 | 05/11/2013 | Hemeroteca |